Statistics for DragonBall Z General Quiz (Difficult)

Click here to take the quiz!

General Stats

  • This quiz has been taken 1,213 times
    (1,208 since last reset)
  • The average score is 4 of 18

Answer Stats

Hint Answer % Correct
What is the actual color of the sparks in the ki aura of a Super Saiyan 2?Blue
73%
Who is the first character who uses an advanced form of Super Saiyan?Vegeta
70%
How many fingers on each hand do Namekians have in the manga series?Four
58%
In the anime, what medical equipment is Goku terrified of?The Needle
55%
Who assisted Dr. Gero in turning himself into an Artificial Human?Artificial Human 19
35%
What is Fat Gogeta's official name?Veku
25%
Lord Slug was the evil incarnation of what Namekian?The Namekian Elder
19%
In "Yo! Son Goku and his friends Return!", what was the food that Vegeta had claimed for himself, but became very upset when Goku ended up eating it?Sushi
18%
Who competed with the child of Katassu for the throne of Kami?Garlic
17%
What was Planet Vegeta called before it was changed by King Vegeta?Planet Plant
17%
What is Freeza's weakest known power level?530,000
13%
How heavy were Goku's training weights before South Kaioshin changed them, which forced him to go Super Saiyan? (per limb)Two Tons
12%
What is the name of the child Namekian who gets killed by Dedoria?Cargo
9%
What does Ox King send Goku to get from Roshi to put the fire out on his mountain?The Bancho
4%
Which Voice Actor voiced Vegeta in the clips that are synonomous with the "It's Over 9000!!" Internet meme?Brian Drummond
3%
What did Roshi originally call upon to reward Goku and Bulma for returning his turtle to him?The Bird of Immortality
1%
What is the name of Pui Pui's home planet?Planet Voon
1%
What is the name of the attack that Vegeta uses where he bombards his opponent with small ki blasts?Renzoku energy dan
1%

Score Distribution

Percentile by Number Answered

Percent of People with Each Score

Your Score History

You have not taken this quiz since the last reset